| 000 | nam a22 a 4500 | ||
|---|---|---|---|
| 999 |
_c477661 _d477661 |
||
| 003 | BLK | ||
| 005 | 20221101132353.0 | ||
| 008 | 220923b bul|||||r ||||||| ||bul|| | ||
| 040 | _aBLK | ||
| 041 |
_aBUL _cBUL |
||
| 080 |
_aИталианска литература _b821.131.1 _x-32 _z821.131.1-32 |
||
| 100 | 1 |
_aМоравия, Алберто _eпърви автор _gПинкерле, Алберто _999043 |
|
| 139 |
_aМоравия, Алберто _bМ 89 |
||
| 245 | 1 | 0 |
_aНови римски разкази _cАлберто Моравия; прев. от итал. Петър Драгоев |
| 250 | _a2. изд. | ||
| 260 |
_aПловдив _bХристо Г. Данов _c1977 _9209596 _n954-442- |
||
| 300 |
_a230 с. _bс ил. _c23 см |
||
| 380 | _aX | ||
| 500 | _a1. изд. 1975 на изд. Хр. Г. Данов. - Ориг. загл Racconti romani / Alberto Moravia. | ||
| 700 | 1 |
_aДрагоев, Петър _eпрев. от итал. _9364831 |
|
| 852 |
_aЦб 86411 _bЦб |
||
| 856 | 4 |
_qpdf _i0.00 _ldisable |
|
| 856 | 4 |
_qpdf _i0.00 _ldisable |
|
| 942 |
_cKNG _n0 _s1 |
||
| 944 |
_aCR _c2022-10-28 _kнр |
||
| 999 | _d477661 | ||